000 00923cam a2200277 a 4500
001 000007279
003 DO-SdBNP
005 20250623124531.0
008 821013s1977 cr b 000 0 spa
040 _aDO-SdBNP
_cDLC
_dDLC
082 _a910.453
_bP438h, 1977
100 1 _aPérez Valenzuela, Pedro,
_d1900-1981.
_920194
245 1 0 _aHistorias de piratas /
_cPedro Pérez Valenzuela.
250 _a2a ed.
260 _aCosta Rica :
_bUniversitaria Centroamericana (educa),
_c1977.
300 _a204 p. ;
_c18 cm.
490 1 _aAñil
504 _aBibliografía: p. 203-204.
650 4 _aPiratas
_zCaribe (Región)
_xHistoria
_920195
650 4 _aPiratas
_xHistoria
_zAmérica Central
_920197
650 4 _aAventuras militares
_xHistoria
_zAmérica Central
_920198
651 0 _aCaribe (Región)
_xHistoria
_yDE 1810.
_987401
830 0 _aAñil.
_920199
910 _aCatalogación por copia / LC
942 _2ddc
_cLBS1
999 _c7060
_d7060